00231nam a2200085Ia 4500008004100000100003000041245002700071260003000098999001700128170620s9999 xx 000 0 und d aPandey- Ramshakal (Hindi) 0aMulya Shikshan (Hindi) bAgra- Vinod Pustak Mandir c23842d23842